| 000 | 01098nam a2200265 4500 | ||
|---|---|---|---|
| 001 | 13186 | ||
| 003 | ES-MaACL | ||
| 005 | 20260301150642.0 | ||
| 007 | t| | ||
| 008 | 000000s1984 sp a ||||0| spa j | ||
| 016 | 7 | _zIBH8505909512 | |
| 040 |
_aIBH _bspa _cM-BN-DP |
||
| 080 | _a7(46)"19":061.43(621.1A.)"1984" | ||
| 111 | 2 |
_aBienal de Alenjandría _n(15ª. _d1984) _940 |
|
| 245 | 1 | 0 |
_aXV Bienal de Alejandría, 1984 _b: España / _c[exposición organizada por la Dirección General de Relaciones Culturales del Ministerio de Asuntos Exteriores y la Dirección General de Bellas Artes del Ministerio de Cultura]. |
| 260 |
_a[Madrid : _bMinisterio de Cultura], _cD.L. 1984. |
||
| 300 |
_a[64] p : _bil. neg. y col ; _c24 cm. |
||
| 650 | 1 | 4 |
_aArte español- _yS.XX- _vExposiciones. _910206 |
| 655 | 7 |
_2tgfbne _9193628 _aCatálogos de exposiciones |
|
| 710 | 1 |
_aEspaña. _bDirección General de Relaciones Culturales. _93782 |
|
| 710 | 1 |
_aEspaña. _bDirección General de Bellas Artes y Archivos. _93708 |
|
| 852 |
_aES-MaACL _jL-20481 _bR.123332 |
||
| 942 | _2udc | ||
| 999 |
_c13186 _d13186 |
||